UM Logo

Business law and the regulatory environment : (Record no. 7028)

MARC details
000 -LEADER
fixed length control field 00834nam a22002297a 4500
008 - FIXED-LENGTH DATA ELEMENTS--GENERAL INFORMATION
fixed length control field 170714b xxu||||| |||| 00| 0 eng d
020 ## - INTERNATIONAL STANDARD BOOK NUMBER
International Standard Book Number 0-256-06852-6
082 ## - DEWEY DECIMAL CLASSIFICATION NUMBER
Edition number 1992
Classification number DC 346.7307
Item number B96
100 ## - MAIN ENTRY--PERSONAL NAME
9 (RLIN) 21271
Personal name Metzger, Michael B.
245 ## - TITLE STATEMENT
Title Business law and the regulatory environment :
Remainder of title concepts and cases /
Statement of responsibility, etc. Michael B. Metzger ... [and three others]
250 ## - EDITION STATEMENT
Edition statement Eight Edition
260 ## - PUBLICATION, DISTRIBUTION, ETC. (IMPRINT)
Place of publication, distribution, etc. Homewood, IL :
Name of publisher, distributor, etc. Irwin,
Date of publication, distribution, etc. c1992.
300 ## - PHYSICAL DESCRIPTION
Extent ix, 468 pages;
Dimensions 27 cm.
500 ## - GENERAL NOTE
General note Includes bibliographical references and indexes.
650 #0 - SUBJECT ADDED ENTRY--TOPICAL TERM
9 (RLIN) 21272
Topical term or geographic name as entry element Commercial law -- United States -- Cases
650 #0 - SUBJECT ADDED ENTRY--TOPICAL TERM
9 (RLIN) 21273
Topical term or geographic name as entry element Commercial law -- United States
700 ## - ADDED ENTRY--PERSONAL NAME
9 (RLIN) 21274
Personal name Mallor, Jane P.
700 ## - ADDED ENTRY--PERSONAL NAME
9 (RLIN) 21275
Personal name Barnes, A. James
700 ## - ADDED ENTRY--PERSONAL NAME
9 (RLIN) 21276
Personal name Bowers, Thomas
700 ## - ADDED ENTRY--PERSONAL NAME
9 (RLIN) 21277
Personal name Phillips, Michael J.
942 ## - ADDED ENTRY ELEMENTS (KOHA)
Source of classification or shelving scheme Dewey Decimal Classification
Koha item type Circulation
Holdings
Withdrawn status Lost status Source of classification or shelving scheme Damaged status Not for loan Collection code Home library Current library Date acquired Source of acquisition Total Checkouts Full call number Barcode Date last seen Copy number Price effective from Koha item type
    Dewey Decimal Classification     Circulation UM Digos College - LIC UM Digos College - LIC 08/01/1996 Purchased   DC 346.7307 B96 1992 12073 05/15/2025 1 07/14/2017 Circulation